[Event "Mogi das Cruzes op 06"]
[Site "Mogi das Cruzes"]
[Date "2012.06.23"]
[Round "4"]
[White "De Camargo, Almeida Andre"]
[Black "Kurita, Rubens Massami"]
[Result "0-1"]
[WhiteElo "1800"]
[BlackElo "1800"]
[PlyCount "74"]
[EventDate "2012.06.22"]
[EventType "swiss"]
[EventRounds "6"]
[EventCountry "BRA"]
[SourceTitle "CBM 149 Extra"]
[Source "ChessBase"]
[SourceDate "2012.08.24"]
[SourceVersion "1"]
[SourceVersionDate "2012.08.24"]
[SourceQuality "1"]

1. e4 e6 2. d4 d5 3. exd5 exd5 4. Nc3 Bb4 5. Bd2 Nf6 6. Nf3 0-0 7. Be2 Re8 8. Ne5 c5 9. Be3 Ne4 10. 0-0 Nxc3 11. bxc3 Bxc3 12. Rb1 cxd4 13. Bxd4 Bxd4 14. Qxd4 f6 15. Nf7 Kxf7 16. Bh5+ g6 17. Bf3 Re5 18. c4 Nc6 19. Bxd5+ Kg7 20. Qc3 Qc7 21. f4 Re2 22. h3 Bf5 23. Rb3 Rae8 24. Bf3 Rc2 25. Qa1 Be4 26. Rc3 Rd2 27. Re1 Bxf3 28. Rxf3 Rxe1+ 29. Qxe1 Qd7 30. Rf1 Qd3 31. Qb1 Qxb1 32. Rxb1 b6 33. c5 bxc5 34. Rb7+ Kh6 35. Rc7 Rd6 36. Kf2 a5 37. Ke3 c4 0-1